000 00432nam a22001697a 4500
005 20180202095613.0
008 160622b xxu||||| |||| 00| 0 eng d
020 _a978-93-325-1886-5
041 _aeng
082 _b9135
_a004.6
100 _aStallings, William
_94049
245 _aData and Computer Communications
260 _a Delhi
_bPearson Education
300 _a830
650 _ainformation Technology
_9137
942 _cBK
999 _c3493
_d3492